000
00302nam a2200133Ia 4500
005
20251222144847.0
008
251222s9999||||xx |||||||||||||| ||spa||
020
_a
0-201-82114-1
082
_a
425.03/W19
100
_a
Walker, Michael
245
0
_a
Succes:
264
_b
Addison Wesley
942
_c
LIB
999
_c
21463
_d
21463